000 00580nam a2200193Ia 4500
005 20250923145248.0
008 008 250917s9999 xx 000 0 eng d
037 _aTextual
040 _aDSWL
_beng
_cDSWL
041 _aeng
_2eng
084 _aS8x, N72
_qDSWL
245 0 _aPsychological Dimensions of Social Interaction : Readings and Pers
_cEd. by Linder Drawyn Ellworth
260 _aMassachusetts
_bAddison-Wesley Pub. Company
_c1973
300 _axii,297p.
365 _aUSD
_b4.5
925 _g4.5
942 _cTEXL
_hS8x, N72
999 _c1449139
_d1449139